000 01049aam a2200337 i 4500
001 768714001
003 CO-MdFUSB
005 20240927114804.0
007 ta
008 160824t1996 ck |||g |||| 00| 0 spa d
020 _a950683-067-3
040 _cCO-MdFUSB
_aCO-MdFUSB
_bspa
_dCO-MdFUSBC
_erda
041 0 _aspa
_heng
082 0 4 _a24
_2G 232.3
_bST888
100 1 _aStott, John R. W.
_eautor
240 _aThe cross of Christ
245 0 3 _aLa cruz de Cristo
_c/ John R. W. Stott ; traducido por David R. Powell
264 1 _aBarcelona, España :
_bCerteza,
_c[1996]
264 4 _c©1996
300 _a431 páginas
_b:
_c; 21 cm
336 _2rdacontent
_atexto
_btxt
337 _2rdamedia
_asin mediación
_bn
338 _2rdacarrier
_avolumen
_bnc
505 _aHacia la cruz. -- Lo central de la cruz. -- La victoria de la cruz. -- Vivir bajo la cruz.
563 _aRústico
650 0 _aCrucifixión
_91100
653 _aRedención
700 1 _aPowell, David R.
_91384
_etraductor
942 _cBK
945 _aJTF-925
999 _c34281
_d34281